[Event "SVK-chT2D 0708"]
[Site "Slovakia"]
[Date "2008.01.12"]
[Round "7.6"]
[White "Visocky, Peter"]
[Black "Tropp, Lukas"]
[Result "0-1"]
[WhiteElo "1785"]
[BlackElo "1868"]
[PlyCount "74"]
[EventDate "2007.10.06"]
[EventType "team-tourn"]
[EventRounds "11"]
[EventCountry "SVK"]
[SourceTitle "EXT 2010"]
[Source "ChessBase"]
[SourceDate "2010.11.25"]
[SourceVersion "1"]
[SourceVersionDate "2010.11.25"]
[SourceQuality "1"]
[WhiteTeam "Gelnica Slovan"]
[BlackTeam "Kezmarok KdV II"]
[WhiteTeamCountry "SVK"]
[BlackTeamCountry "SVK"]

1. e4 e5 2. Bc4 Nc6 3. a3 Nf6 4. d3 Be7 5. f4 d5 6. exd5 Nxd5 7. Ne2 0-0 8. Nbc3 Nxf4 9. Bxf4 exf4 10. Nxf4 Bc5 11. Qh5 Qd4 12. Rf1 Ne5 13. Nfe2 Bg4 14. Nxd4 Bxh5 15. Nb3 Bb6 16. Bb5 Nc6 17. Bxc6 bxc6 18. d4 Rad8 19. Rf4 f5 20. h4 h6 21. g3 g5 22. hxg5 hxg5 23. Rf2 Bxd4 24. Nxd4 Rxd4 25. Rh2 Bg4 26. b3 Re8+ 27. Kf1 Re3 28. Ne2 Rd2 29. Re1 Rxc2 30. Rf2 Bxe2+ 31. Rfxe2 Rexe2 32. Rxe2 Rxe2 33. Kxe2 Kf7 34. Ke3 c5 35. Kd3 Ke6 36. Kc4 f4 37. gxf4 gxf4 0-1